00337 a2200133 4500003000400000005001700004008004100021020001800062040000900080082001500089245005700104260003300161300000900194OSt20240110152031.0240110b |||||||| |||| 00| 0 eng d a9789382581734 coclc a297bRAS/N aNastikatha Islam Samvadam M M Akbar v/s E A Jabbar / aKerala:bDa'wa books,c2021. a530p